[Event "Schoeneck op U18 Girls 5th"]
[Site "Schoeneck"]
[Date "1986.12.31"]
[Round "4"]
[White "Scott, Susan"]
[Black "Vandevoort, Chantal"]
[Result "1/2-1/2"]
[WhiteElo "1648"]
[BlackElo "2005"]
[PlyCount "66"]
[EventDate "1986.12.??"]
[EventType "swiss"]
[EventRounds "7"]
[EventCountry "GER"]
[SourceTitle "EXT 2005"]
[Source "ChessBase"]
[SourceDate "2004.11.15"]
[SourceVersion "1"]
[SourceVersionDate "2004.11.15"]
[SourceQuality "1"]

1. d4 Nf6 2. c4 e6 3. Nc3 Bb4 4. Qc2 c5 5. e3 Nc6 6. Nf3 d5 7. a3 Bxc3+ 8. bxc3 Ne4 9. Bd3 Qa5 10. Bd2 Nxd2 11. Qxd2 Bd7 12. 0-0 0-0 13. Rfb1 cxd4 14. cxd4 Qxd2 15. Nxd2 Na5 16. cxd5 exd5 17. Bb5 Bc6 18. Nb3 Nxb3 19. Rxb3 Rac8 20. Be2 Rc7 21. Rab1 b6 22. Ba6 Bd7 23. Re1 Bc8 24. Bd3 Be6 25. Ba6 Bc8 26. Be2 Be6 27. Rbb1 Rc3 28. a4 Ra3 29. Bb5 Rc8 30. Rec1 Rac3 31. Rxc3 Rxc3 32. Kf1 Kf8 33. Ke2 Rc2+ 1/2-1/2

[Event "Schoeneck op U18 Girls 5th"]
[Site "Schoeneck"]
[Date "1986.12.30"]
[Round "3"]
[White "Scott, Susan"]
[Black "Doppmann, Priska"]
[Result "1-0"]
[WhiteElo "1648"]
[BlackElo "1715"]
[PlyCount "49"]
[EventDate "1986.12.??"]
[EventType "swiss"]
[EventRounds "7"]
[EventCountry "GER"]
[SourceTitle "EXT 2005"]
[Source "ChessBase"]
[SourceDate "2004.11.15"]
[SourceVersion "1"]
[SourceVersionDate "2004.11.15"]
[SourceQuality "1"]

1. d4 d5 2. c4 e6 3. Nc3 Bb4 4. Nf3 Nf6 5. Bg5 b6 6. Qa4+ Nc6 7. Qxc6+ Bd7 8. Qb7 a6 9. cxd5 Rb8 10. Qxa6 b5 11. dxe6 Rb6 12. exd7+ Kxd7 13. Ne5+ Ke6 14. Qa7 Qc8 15. Bxf6 Kxf6 16. Ng4+ Ke7 17. d5 Bc5 18. d6+ Bxd6 19. Ne3 Kf8 20. Ned5 Rc6 21. Qe3 b4 22. Nb5 Bc5 23. Qf3 Qd7 24. Rd1 Qe6 25. Ndxc7 1-0

[Event "Schoeneck op U18 Girls 5th"]
[Site "Schoeneck"]
[Date "1986.01.03"]
[Round "7"]
[White "Zahn, Nicol"]
[Black "Scott, Susan"]
[Result "1-0"]
[WhiteElo "1784"]
[BlackElo "1648"]
[PlyCount "99"]
[EventDate "1986.12.??"]
[EventType "swiss"]
[EventRounds "7"]
[EventCountry "GER"]
[SourceTitle "EXT 2005"]
[Source "ChessBase"]
[SourceDate "2004.11.15"]
[SourceVersion "1"]
[SourceVersionDate "2004.11.15"]
[SourceQuality "1"]

1. e4 c5 2. Nc3 d6 3. f4 g6 4. g3 Bg7 5. Nf3 Nc6 6. Bg2 e6 7. d3 Nge7 8. Be3 0-0 9. 0-0 Rb8 10. a4 a6 11. Qd2 Qb6 12. Rfb1 d5 13. exd5 exd5 14. a5 Nxa5 15. Na4 Qc7 16. Bxc5 Nac6 17. Bb6 Qd6 18. d4 Bf5 19. Re1 Rfe8 20. Ne5 Rbc8 21. Bc5 Qc7 22. Nb6 Rcd8 23. Nxc6 bxc6 24. Rxa6 Rb8 25. c3 Qb7 26. Rea1 Nc8 27. Nxc8 Qxc8 28. Ra7 Bf8 29. Bxf8 Kxf8 30. Bf1 Qe6 31. Kf2 Qe4 32. Bg2 Qc2 33. Qxc2 Bxc2 34. b4 Bd3 35. Bf3 Bb5 36. Rc7 Re7 37. Rxe7 Kxe7 38. Ra7+ Kf8 39. Be2 Bxe2 40. Kxe2 Rb6 41. Kd3 h6 42. Kc2 Kg7 43. Kb3 Kf6 44. c4 dxc4+ 45. Kxc4 Ke6 46. Ra5 Kd6 47. d5 f5 48. dxc6 Kxc6 49. b5+ Kc7 50. Ra6 1-0